Kinshu = Autumn Brocade
সংরক্ষণ করুন:
| প্রধান লেখক: | |
|---|---|
| বিন্যাস: | গ্রন্থ |
| ভাষা: | Undetermined |
| প্রকাশিত: |
New York
New Directions
2005
|
| বিষয়গুলি: | |
| ট্যাগগুলো: |
ট্যাগ যুক্ত করুন
কোনো ট্যাগ নেই, প্রথমজন হিসাবে ট্যাগ করুন!
|
| Thư viện lưu trữ: | Trung tâm Học liệu Trường Đại học Cần Thơ |
|---|
| LEADER | 00581nam a2200205Ia 4500 | ||
|---|---|---|---|
| 001 | CTU_138130 | ||
| 008 | 210402s9999 xx 000 0 und d | ||
| 020 | |c 18.59 | ||
| 082 | |a 895.635 | ||
| 082 | |b M618 | ||
| 100 | |a Miyamoto, Teru | ||
| 245 | 0 | |a Kinshu = | |
| 245 | 0 | |b Autumn Brocade | |
| 245 | 0 | |c Teru Miyamoto; Transtated by Roge K.Thomas | |
| 260 | |a New York | ||
| 260 | |b New Directions | ||
| 260 | |c 2005 | ||
| 650 | |a Divorced people,Những người đã ly dị | ||
| 904 | |i Hướng Dương | ||
| 980 | |a Trung tâm Học liệu Trường Đại học Cần Thơ | ||